000 00865cam a2200313Ka 4500
001 43952
005 20230410105402.0
008 000403s2000 fr a 001 0 fre d
035 _a(OCoLC)ocm43758899
040 _aBRU
_bfre
_cBRU
_dMUQ
_dDRFGD
020 _a2020120356
020 _a9782020120357
035 _a(OCoLC)43758899
050 1 4 _aHB 501
_bB373h 2000
082 0 0 _a330.122
100 1 _aBeaud, Michel.
245 1 0 _aHistoire du capitalisme de 1500 a 2000 /
_cMichel Beaud.
250 _a5a ed. mise รก jour.
260 _aParis :
_bEditions du Seuil,
_c2000.
300 _a437 p. :
_bill. ;
_c18 cm.
440 0 _aPoints.
_pEconomie ;
_vE18
504 _aBibliographie: p. 411-424.
500 _aIndex.
650 0 _aCapitalism
_xHistory.
650 0 _aEconomic history.
942 _2lcc
_cbk
946 _almminaya
994 _aC0
_bDRFGD
999 _c35615
_d35615